Homer's : the Odyssey
| Main Author: | |
|---|---|
| Other Authors: | |
| Format: | Book |
| Published: |
Subang Jaya :
Bright Publications Sdn Bhd ,
2020
|
| Series: | Towering graphic novels
|
| Subjects: |
MARC
| LEADER | 00000cam a2200000 7i4500 | ||
|---|---|---|---|
| 001 | 0000278206 | ||
| 005 | 20200914104527.0 | ||
| 020 | |a 9789672260295 | ||
| 090 | 0 | 0 | |a JF |b AGR |
| 100 | 1 | |a Agrimbau | |
| 245 | 1 | 0 | |a Homer's : |b the Odyssey |c by Agrimbau & Smilton |
| 260 | |a Subang Jaya : |b Bright Publications Sdn Bhd , |c 2020 | ||
| 300 | |a 69p. : |b ill. ; |c 23cm. | ||
| 490 | 0 | |a Towering graphic novels | |
| 650 | 0 | |a Children's stories | |
| 650 | 0 | |a Graphic novels | |
| 700 | 1 | |a Smilton | |
| 999 | |a 00384816 |b BUKU |c PINJAMAN |e PERPUSTAKAAN KOMUNITI PETALING JAYA | ||